000 00777nam a22001817a 4500
005 20251108164254.0
008 250721s9999 xx 000 0 ara d
082 1 4 _a329.9565/حلق
111 2 _aحلقة نقاش حول المعارضة الأردنية و دورها في الحياة السياسية في المرحلة الديمقراطية
245 1 0 _aالمعارضة الأردنية و دورها في الحياة السياسية في المرحلة الديمقراطية /
264 1 _aعمان :
_bالمركز الأردني للدراسات و المعلومات،
_c[19-].
300 _a21ص.
650 1 7 _aالأحزاب السياسية
650 1 7 _aالأردن
650 1 7 _aالمعارف السياسية
942 _2ddc
_cBK
999 _c8011
_d8011